LEADER 00579nab a2200145 i 4500 001 000000276109 003 CaOOAMICUS 005 20111006000000.0 008 111006n xx uu u0 0und r 013 $a25624 040 $aSeMil$bita 245 10$aTempo di missione in un mondo in fuga. - 16 p. - Titolo principale dalla prima pagina. 500 $a2 ottobre 2011. 773 0 $t[2011 : Luglio-Dicembre].$dBologna : Centro Editoriale Dehoniano, 2011.$w()203780 996 $6245$aTempo di missione in un mondo in fuga. - 16 p. - Titolo principale dalla prima pagina.$9(OLS)http://semarc/title/361751 LEADER 00445naa a2200133 i 4500 001 000000303655 003 CaOOAMICUS 005 20180831172803.0 008 180831n xx u000 u und u 013 $a11435 040 $aSeMil$bita 100 1 $aGlisenti, Giuseppe.$0(OLS)http://semarc/name/23988 245 12$aL'attualitą del pensiero dell'arcivescovo Montini. 996 $6245$aL'attualitą del pensiero dell'arcivescovo Montini$9(OLS)http://semarc/title/379614